Wszyscy Trenerzy Roku Od 2000 Roku - Statystyki

Ogólne statystyki
  • Ten quiz został rozwiązany 102 razy
  • Średni wynik to 13 z 20
Statystyki odpowiedzi
Rok Zdobycia Trener % Poprawnych
2012 Mourinho
92%
2010 Mourinho
92%
2005 Mourinho
92%
2004 Mourinho
92%
2018 Zidane
92%
2017 Zidane
92%
2011 Guardiola
91%
2009 Guardiola
91%
2019 Klopp
90%
2014 Ancelotti
79%
2007 Ancelotti
79%
2008 Ferguson
70%
2015 Enrique
64%
2013 Heynckes
53%
2016 Simeone
51%
2002 Del Bosque
43%
2006 Rijkaard
31%
2001 Hitzfeld
16%
2003 Bianchi
1%
2000 Bianchi
1%
Nie znaleziono quizów pasujących do podanych kryteriów
Rozkład punktacji
Procent ludzi z każdym wynikiem
Percentyl według liczby udzielonych odpowiedzi
Twoja historia wyników
Nie rozwiązałeś tego quizu